1888 1245 1461 1902 1250 1910 1959 1484 1936 1688 1437 1603 1132 1512 1911 1789 1228 1394 1376 1056 1369 1394 1868 1138 1595 1106 1912 1541 1824 1369 1619 1532 1191 1537 1221 1194 1559 1919 1467 1230 1884 1092 1046 1839 1686 1604 1366 1151 1062 1125 1281 1875 1908 1266 1852 1436 1833 1530 1162 1749 1578 1152 1488 1502 1993 1834 1947 1113 1503 1228 1876 1090 1192 1587 1990 1202 1687 1513 1659 1725 1643 1926 1268 1444 1418 1126 1336 1001 1837 1883 1923 1395 1439 1785 1923 1750 1069 1155 1714 BCNSPRNW ULIB Ver.6.0+V

เปลี่ยนเป็นภาษาไทย

Change to English
 แสดงรายละเอียดบรรณานุกรม
  กลับหน้าหลัก

Brief Record : Get Marc (ISO 2709) : E-mail record : QR code < ปิดหน้าต่าง
LEADER : 00000nam 2200000uu 4500
001    13399123809
003     ULIB
008    141201s2556||||th 000 0 tha d
020    ^a9786163482594
060 04 ^aWF200^bส453ย
100 0  ^aสมชาย สวัสดี
245 10 ^aยาแอโรโซลและระบบหายใจ/^cสมชาย สวัสดี และ ธีระพล ศรีชนะ
250    ^aพิมพ์ครั้งที่ 1.
260    ^aสงขลา :^bพีซี โปรสเปค^c2556
300    ^a204 หน้า :^bภาพประกอบ ;^c30 ซม
504    ^aมีบรรณานุกรมและดัชนี
650  7 ^aยารักษาโรคระบบหายใจ
650  7 ^aระบบหายใจ, โรค^xการรักษาด้วยยา
650  7 ^aยาแอโรโซล
700 0  ^aธีระพล ศรีชนะ
710 2  ^aมหาวิทยาลัยสงขลานครินทร์
945    ^p200^l0^i22166
945    ^p200^l0^i22167
945    ^p200^l0^i22168
945    ^p200^l0^i22169
945    ^p200^l0^i22170
999    ^aทศพร เกษรทอง
รายการนี้ยังไม่มีแท็ก
คุณยังไม่ได้ล็อกอิน คุณสามารถมีกิจกรรมร่วมกับเว็บไซต์ได้ แต่ต้องล็อกอินก่อน ::
  ล็อกอิน

รายการสื่อสารสนเทศ

ลำดับที่ ประเภท เลขเรียก/บาร์โค้ด สถานที่ สถานะ
1. วิทยาศาสตร์การแพทย์ และสุขภาพ
วิทยาศาสตร์การแพทย์ และสุขภาพ
สถานะ=หนังสือเก่า
WF200 ส453ย ฉ.1 
  Barcode: 22166
ห้องสมุดวิทยาเขตนครสวรรค์
►ส่วนจัดเก็บหนังสือเก่า นว.
บนชั้น
  ขอยืม
2. วิทยาศาสตร์การแพทย์ และสุขภาพ
วิทยาศาสตร์การแพทย์ และสุขภาพ
สถานะ=หนังสือเก่า
WF200 ส453ย ฉ.2 
  Barcode: 22167
ห้องสมุดวิทยาเขตนครสวรรค์
►ส่วนจัดเก็บหนังสือเก่า นว.
บนชั้น
  ขอยืม
3. วิทยาศาสตร์การแพทย์ และสุขภาพ
วิทยาศาสตร์การแพทย์ และสุขภาพ
สถานะ=หนังสือเก่า
WF200 ส453ย ฉ.3 
  Barcode: 22168
ห้องสมุดวิทยาเขตนครสวรรค์
►ส่วนจัดเก็บหนังสือเก่า นว.
บนชั้น
  ขอยืม
4. วิทยาศาสตร์การแพทย์ และสุขภาพ
วิทยาศาสตร์การแพทย์ และสุขภาพ
สถานะ=หนังสือเก่า
WF200 ส453ย ฉ.4 
  Barcode: 22169
ห้องสมุดวิทยาเขตนครสวรรค์
►ส่วนจัดเก็บหนังสือเก่า นว.
บนชั้น
  ขอยืม
5. วิทยาศาสตร์การแพทย์ และสุขภาพ
วิทยาศาสตร์การแพทย์ และสุขภาพ
สถานะ=หนังสือเก่า
WF200 ส453ย ฉ.5 
  Barcode: 22170
ห้องสมุดวิทยาเขตนครสวรรค์
►ส่วนจัดเก็บหนังสือเก่า นว.
บนชั้น
  ขอยืม

รายการใกล้เคียง
    ผู้แต่ง [สมชาย สวัสดี]

    หัวเรื่อง [ยารักษาโรคระบบหายใจ]
    หัวเรื่อง [ยาแอโรโซล]

BibComment


ยังไม่เคยถูกคอมเมนท์

คอมเมนท์ทรัพยากรรายการนี้
  คอมเมนท์: ยาแอโรโซลและระบบ..


 Copyright 2026. Bcnsprnw @Library